Online Public Access Catalogue

Robbins Pathologic Basic of Disese (Record no. 12757)

MARC details
000 -LEADER
fixed length control field 00378nam a22001457a 4500
082 ## - DEWEY DECIMAL CLASSIFICATION NUMBER
Classification number 616.07
Author Mark COT
100 ## - MAIN ENTRY--PERSONAL NAME
Author Name Ramzi S.Cotran
245 ## - TITLE STATEMENT
Title Robbins Pathologic Basic of Disese
250 ## - EDITION STATEMENT
Edition statement 4th
260 ## - PUBLICATION, DISTRIBUTION, ETC.
Name of publisher, distributor, etc. W.B. Saunders Company
Date of publication, distribution, etc. 1989
300 ## - PHYSICAL DESCRIPTION
No of Pages 1519 p
Dimensions 28cm
504 ## - BIBLIOGRAPHY, ETC. NOTE
Bibliography, Index, etc. note Include index
650 ## - SUBJECT ADDED ENTRY--TOPICAL TERM
Subject Book Bank
Keywords Morphologic
-- primarily
-- Abundant
-- IMDC
942 ## - ADDED ENTRY ELEMENTS (KOHA)
Source of classification or shelving scheme
Koha item type Books
952 ## - LOCATION AND ITEM INFORMATION (KOHA)
-- 2023-02-10
Holdings
Item status Home library Current library Shelving location Date acquired Total Checkouts Full call number Barcode Date last seen Date last checked out Koha item type
  Islamabad Medical and Dental College Islamabad Medical and Dental College Islamabad Medical and Dental College 10/02/2023 1 616.07 COT G-489 02/07/2024 27/06/2024 Books

Copyright @ IMDC Library
Islamabad Medical and Dental College
Bhara Kahu, Islamabad

  Contact the Librarian, IMDC
  Email:: library@imdcollege.edu.pk

  OPAC Customized by
  Mazhar Hussain,
  Librarian:
  Islamabad Medical and Dental College
  Email:: library@imdcollege.edu.pk